00871nam a2200205Ia 450000500170000000800390001702000180005604000680007404100080014224501640015026000500031430000170036449000300038165000500041165000260046165000240048765000510051170000500056270000530061220211112084325.0130821s2007 ck gr spa a9789584423061 aCo-BoUCMbspacJose A. Gerena (modificó)dAldemar Mondragón00aspa00aSueños e historias de los jóvenes Wayuu en Bogotácinvestigación y compilación Ana María Ferreira Hernández y Juan Guillermo Sánchez Martínez aBogotá (Colombia)bTalleres de Escalac2007 a79 páginas 0aBogotá sin indiferencia 7aIndígenas de ColombiaxCondiciones sociales 7aLiteratura indígena 7aPoesía indígena 0aWayuu (Familia indígena) xAspectos sociales1 aFerreira Hernández, Ana Maríaecompilador1 aSánchez Martínez, Juan Guillermoecompilador